Sittenwidrige Aufmerksamkeits-Werbung. <Der> Fall "Benetton" Anzeige in der "Freundin".

Tzv. Lifestyle reklama a jej právne aspekty. Neprípustnosť nemravnej reklamy. Niekoľko posledných reklám firmy Benetton bolo v Nemecku súdne zakázaných v dôsledku nekalej súťaže. Snaha šokovať v reklame ľudí utrpením je nemravná.

Gespeichert in:
Bibliographische Detailangaben
1. Verfasser: Brose, C.-D
Format: Buchkapitel
Sprache:Deutsch
Schlagworte:
Tags: Tag hinzufügen
Keine Tags, Fügen Sie das erste Tag hinzu!

MARC

LEADER 00000naa a2200000 4500
001 r012761
005 20220826093711.2
041 0 |a ger 
044 |a DE 
245 1 0 |a Sittenwidrige Aufmerksamkeits-Werbung.  |b <Der> Fall "Benetton" Anzeige in der "Freundin".  |c C.-D. Brose 
520 |a Tzv. Lifestyle reklama a jej právne aspekty. Neprípustnosť nemravnej reklamy. Niekoľko posledných reklám firmy Benetton bolo v Nemecku súdne zakázaných v dôsledku nekalej súťaže. Snaha šokovať v reklame ľudí utrpením je nemravná. 
610 2 0 |a reklama 
610 2 0 |a etika 
610 2 0 |a Benetton 
610 2 0 |a súťaž nekalá 
610 2 0 |a legislatíva 
610 2 0 |a Nemecko 
100 1 |a Brose, C.-D.